| 000 | 00629nam a22001937a 4500 | ||
|---|---|---|---|
| 005 | 20150605115418.0 | ||
| 010 | _aENG-112841 | ||
| 020 |
_c400.00 _a9789383420001 |
||
| 035 | _aEN-96373 | ||
| 037 | _bDBAD/PUB | ||
| 082 | _a515 | ||
| 100 | _aBandyopadhyay, Sitansu | ||
| 245 |
_aMathematical analysis : _cby Sitansu Bandyopadhyay _bproblems & solutions / |
||
| 250 | _a4th ed ; revised by Bidyut Guha Thakurata | ||
| 260 |
_aKolkata _bAcademic Publishers _c2014 |
||
| 270 |
_a5A Bhawani Dutta Lane, _bKolkata _e700073 _mwww.academicpublishers.in |
||
| 300 |
_a599p. _c24cm(pbk) |
||
| 942 |
_2ddc _cEN _mBAN _h515 |
||
| 999 |
_c93051 _d93051 |
||